<?xml version="1.0" encoding="UTF-8"?>
<record
    xmlns:xsi="http://www.w3.org/2001/XMLSchema-instance"
    xsi:schemaLocation="http://www.loc.gov/MARC21/slim http://www.loc.gov/standards/marcxml/schema/MARC21slim.xsd"
    xmlns="http://www.loc.gov/MARC21/slim">

  <leader>00773nam a22001817a 4500</leader>
  <controlfield tag="003">OSt</controlfield>
  <controlfield tag="005">20251205164835.0</controlfield>
  <controlfield tag="008">251205b        |||||||| |||| 00| 0 eng d</controlfield>
  <datafield tag="040" ind1=" " ind2=" ">
    <subfield code="c">DCL</subfield>
  </datafield>
  <datafield tag="082" ind1=" " ind2=" ">
    <subfield code="a">&#x1042;&#x1049;&#x1044;.&#x1043;&#x1044;&#x1043;&#x1045;</subfield>
  </datafield>
  <datafield tag="100" ind1="0" ind2=" ">
    <subfield code="a">&#x1015;&#x102B;&#x101B;&#x1002;&#x1030;&#x104B;</subfield>
  </datafield>
  <datafield tag="245" ind1="1" ind2="0">
    <subfield code="a">&#x101C;&#x1031;&#x1038;&#x1006;&#x1030;&#x1013;&#x102C;&#x1010;&#x103A;&#x1015;&#x102F;&#x1036; &#x101B;&#x103D;&#x103E;&#x1031;&#x1010;&#x102D;&#x1002;&#x102F;&#x1036; /</subfield>
    <subfield code="c">&#x1015;&#x102B;&#x101B;&#x1002;&#x1030;&#x104B;</subfield>
  </datafield>
  <datafield tag="264" ind1=" " ind2=" ">
    <subfield code="a">&#x101B;&#x1014;&#x103A;&#x1000;&#x102F;&#x1014;&#x103A; &#x104A;</subfield>
    <subfield code="b">&#x1021;&#x101C;&#x1004;&#x103A;&#x1038;&#x101E;&#x1005;&#x103A;&#x1005;&#x102C;&#x1015;&#x1031;&#x104A;</subfield>
    <subfield code="c">&#x1042;&#x1040;&#x1041;&#x1042;&#x104B;</subfield>
  </datafield>
  <datafield tag="300" ind1=" " ind2=" ">
    <subfield code="a">&#x1043;&#x1045;&#x1042; &#x1005;&#x102C;&#x1019;&#x103B;&#x1000;&#x103A;&#x1014;&#x103E;&#x102C; &#x104A;</subfield>
    <subfield code="c">&#x1042;&#x1046; &#x1005;&#x1004;&#x103A;&#x1010;&#x102E;&#x104B;</subfield>
  </datafield>
  <datafield tag="504" ind1=" " ind2=" ">
    <subfield code="a">&#x1000;&#x103B;&#x1019;&#x103A;&#x1038;&#x1000;&#x102D;&#x102F;&#x1038;&#x1005;&#x102C;&#x101B;&#x1004;&#x103A;&#x1038;&#x1015;&#x102B;&#x101D;&#x1004;&#x103A;&#x101E;&#x100A;&#x103A;&#x104B;</subfield>
  </datafield>
  <datafield tag="650" ind1=" " ind2=" ">
    <subfield code="a">&#x101B;&#x103D;&#x103E;&#x1031;&#x1010;&#x102D;&#x1002;&#x102F;&#x1036;&#x1005;&#x1031;&#x1010;&#x102E;&#x1010;&#x1031;&#x102C;&#x103A;</subfield>
    <subfield code="v">&#x101E;&#x1019;&#x102D;&#x102F;&#x1004;&#x103A;&#x1038;</subfield>
  </datafield>
  <datafield tag="942" ind1=" " ind2=" ">
    <subfield code="2">ddc</subfield>
    <subfield code="c">SHORT TERM</subfield>
    <subfield code="n">0</subfield>
  </datafield>
  <datafield tag="952" ind1=" " ind2=" ">
    <subfield code="0">0</subfield>
    <subfield code="1">0</subfield>
    <subfield code="2">ddc</subfield>
    <subfield code="4">0</subfield>
    <subfield code="7">0</subfield>
    <subfield code="8">M</subfield>
    <subfield code="a">DHAM</subfield>
    <subfield code="b">DHAM</subfield>
    <subfield code="c">MMBS</subfield>
    <subfield code="d">2025-12-05</subfield>
    <subfield code="l">0</subfield>
    <subfield code="o">&#x1042;&#x1049;&#x1044;.&#x1043;&#x1044;&#x1043;&#x1045; &#x1015;&#x102B; &#x1041;&#x1042;&#x1048;&#x1042;</subfield>
    <subfield code="p">MB00001282</subfield>
    <subfield code="r">2025-12-05 16:49:07</subfield>
    <subfield code="w">2025-12-05</subfield>
    <subfield code="y">SHORT TERM</subfield>
    <subfield code="A">&#x1041;&#x1042;&#x1048;&#x1042;</subfield>
  </datafield>
  <datafield tag="999" ind1=" " ind2=" ">
    <subfield code="c">2661</subfield>
    <subfield code="d">2661</subfield>
  </datafield>
</record>
